|
|
|
|
| LEADER |
00000nta a2200000 i 4500 |
| 001 |
dolg24810 |
| 005 |
20191214130102.0 |
| 008 |
191214suuuu hu om 000 hun d |
| 040 |
|
|
|a BGE Dolgozattár Repozitórium
|b hun
|
| 041 |
|
|
|a hu
|
| 100 |
1 |
|
|a Lénárt Lilla
|
| 245 |
1 |
0 |
|a Generációváltás a családi vállalkozásokban, avagy hogyan tovább, vállalkozó családok?
|b A Ro-Ly Bau Kft esete
|c Lénárt Lilla
|h [elektronikus dokumentum]
|
| 246 |
1 |
1 |
|a Generációváltás a családi vállalkozásokban, avagy hogyan tovább, vállalkozó családok?: A Ro-Ly Bau Kft esete
|
| 695 |
|
|
|a Családi vállalkozások
|
| 695 |
|
|
|a Generációváltás
|
| 700 |
1 |
|
|a Mosolygó-Kiss Ágnes
|e ths
|
| 856 |
4 |
0 |
|u http://dolgozattar.uni-bge.hu/24810/1/Szakdolgozat-%20L%C3%A9n%C3%A1rt%20Lilla-%28NGXUS9%29_v%C3%A9gleges2.pdf
|z Dokumentum-elérés
|